Online
Catalog

Antologia de cuentistas y pintores venezolanos. (Record no. 17513)

MARC details
000 -CABECERA
campo de control de longitud fija 00594cacaa220016941 4500
001 - NÚMERO DE CONTROL
campo de control 000017991
005 - FECHA Y HORA DE LA ÚLTIMA TRANSACCIÓN
campo de control 20200929165315.0
008 - DATOS DE LONGITUD FIJA--INFORMACIÓN GENERAL
campo de control de longitud fija 761123m19759999ve a 000 1 spa
040 ## - FUENTE DE LA CATALOGACIÓN
Centro catalogador/agencia de origen DO-SdBNP
Lengua de catalogación spa
Centro/agencia transcriptor BNPHU
245 00 - MENCIÓN DE TÍTULO
Título Antologia de cuentistas y pintores venezolanos.
260 ## - PUBLICACIÓN, DISTRIBUCIÓN, ETC.
Lugar de publicación, distribución, etc. Venezuela :
Nombre del editor, distribuidor, etc. Organizacion Procesa,
Fecha de publicación, distribución, etc. 1975.
300 ## - DESCRIPCIÓN FÍSICA
Extensión v. :
Otras características físicas il. ;
Dimensiones 22 cm.
490 0# - MENCIÓN DE SERIE
Mención de serie Biblioteca selecta de la cultura venezolana
500 ## - NOTA GENERAL
Nota general La biblioteca posee el volumen 4
500 ## - NOTA GENERAL
Nota general Editado en Venezuela por Editorial Laude C.A.
830 #0 - PUNTO DE ACCESO ADICIONAL DE SERIE-TÍTULO UNIFORME
Título uniforme Biblioteca selecta de la cultura venezolana ;
9 (RLIN) 39003
Holdings
Estado de retiro Estado de pérdida Restricciones de uso No para préstamo Código de colección Localización permanente Ubicación/localización actual Ubicación en estantería Fecha de adquisición Número de inventario Total de préstamos Signatura topográfica completa Código de barras Fecha visto por última vez Precio válido a partir de Tipo de ítem Koha
      Excluido de préstamo Monografías: Libros y Folletos General General En catalogación 08.04.2010 LF1   17991-10 25.06.2020 25.06.2020 No se presta

Powered by Koha